000 01175aab a2200193 i 4500
001 768714001
003 CO-MdFUSB
005 20240422144713.0
008 240422t1998 ag ||||| |||| 00| 0 spa d
040 _bspa
_cCO-MdFUSB
041 _aspa
100 1 _aPowell, David R.
_eautor
245 1 0 _aBiografía :
_bAndrés Milne
_c/ David R. Powell
300 _aVolumen 17, número 1 (enero - marzo, 1998), páginas: 31 - 32
_c; 27 cm
520 _aMilne, ‘‘el primero entre los primeros de ese grupo de obreros evangélicos que humilde y esforzadamente han trabajado para abrir surcos en la vida de estos nuevos pueblos», dedicó prácticamente toda su vida activa a lograr la distribución de las Sagradas Escrituras desde Quito hasta el Cabo de Hornos, o sea, desde el norte hasta el extremo sur de América del Sur. En Montevideo inició una exitosa escuela dominical antes que hubiera obra establecida allí, tras cuyas labores en dicha ciudad comenzó después la obra metodista.
650 0 _aBiografías cristianas
_91238
773 0 _tIglesia y Misión
_049402
_959635
_gVolumen 17, número 1 (enero - marzo, 1998), páginas: 31 - 32
_q páginas: 31
942 _cANA
999 _c52288
_d52288